Environmental Science: (Record no. 11438)

000 -LEADER
fixed length control field 00555nam a22001817a 4500
008 - FIXED-LENGTH DATA ELEMENTS--GENERAL INFORMATION
fixed length control field 160708b xxu||||| |||| 00| 0 eng d
020 ## - INTERNATIONAL STANDARD BOOK NUMBER
International Standard Book Number 0072315474
050 ## - LIBRARY OF CONGRESS CALL NUMBER
Classification number GE 105 .E54 2002
100 ## - MAIN ENTRY--PERSONAL NAME
Personal name Eldon D. Enger
Dates associated with a name 2002
245 ## - TITLE STATEMENT
Title Environmental Science:
Remainder of title A Study of Interrelationships
250 ## - EDITION STATEMENT
Edition statement 8th ed.
260 ## - PUBLICATION, DISTRIBUTION, ETC. (IMPRINT)
Place of publication, distribution, etc. Boston
Name of publisher, distributor, etc. Mc Graw Hill
Date of publication, distribution, etc. 2002
300 ## - PHYSICAL DESCRIPTION
Extent xix 486p;ill.
Other physical details Includes index
650 ## - SUBJECT ADDED ENTRY--TOPICAL TERM
Topical term or geographic name as entry element Environmental sciences
700 ## - ADDED ENTRY--PERSONAL NAME
Personal name Eldon D. Enger
700 ## - ADDED ENTRY--PERSONAL NAME
Personal name Bradley F. Smith
942 ## - ADDED ENTRY ELEMENTS (KOHA)
Source of classification or shelving scheme
Koha item type Hard Covered Materials
Classification part GE 105 .E54 2002
Koha issues (borrowed), all copies 1
Holdings
Withdrawn status Lost status Source of classification or shelving scheme Damaged status Not for loan Home library Current library Shelving location Date acquired Source of acquisition Total Checkouts Full call number Barcode Date last seen Date last checked out Price effective from Koha item type
          MACHAKOS UNIVERSITY LIBRARY MACHAKOS UNIVERSITY LIBRARY Open shelf 08/07/2016 Donation (BFA) 1 GE 105 .E54 2002 21258 07/06/2019 04/12/2018 08/07/2016 Hard Covered Materials
© Machakos University Library, Along The Highway, Machakos Wote Rd, Machakos, Kenya P.O. Box 136 - 90100 Machakos - Kenya

Tel: ( +254 ) 723 805829 OR Fax : 044-20353 OR Email: library@mksu.ac.ke